Kde sa nachádza Achilova päta dnešných manažérov?

Výsledky medzinárodného prieskumu, v ktorom sa hodnotili kvality dnešných manažérov. Skupina manažérov bola hodnotená virtuálnou manažérskou simuláciou, ktorú uviedla americká firma Global Assessor Pool pod názvom e-Stimulator Suite. Simuláciou High Potential bolo zamerané na schopnosti, ktoré manaž...

Descrizione completa

Salvato in:
Dettagli Bibliografici
Autore principale: Kubeš, Marián
Natura: Capitolo di libro
Lingua:slovacco
Soggetti:
Tags: Aggiungi Tag
Nessun Tag, puoi essere il primo ad aggiungerne!!

MARC

LEADER 00000naa a2200000 4500
001 0181969
005 20230912102327.7
041 0 |a slo 
044 |a SK 
245 1 0 |a Kde sa nachádza Achilova päta dnešných manažérov?  |c Marián Kubeš 
520 |a Výsledky medzinárodného prieskumu, v ktorom sa hodnotili kvality dnešných manažérov. Skupina manažérov bola hodnotená virtuálnou manažérskou simuláciou, ktorú uviedla americká firma Global Assessor Pool pod názvom e-Stimulator Suite. Simuláciou High Potential bolo zamerané na schopnosti, ktoré manažéri potrebujú pri postupe na vyššiu manažérsku pozíciu. 
610 2 0 |a manažment 
610 2 0 |a manažéri 
610 2 0 |a komunikácia 
610 2 0 |a inteligencia 
610 2 0 |a empatia 
610 2 0 |a riadenie vrcholové 
610 2 0 |a vedenie ľudí 
610 2 0 |a prieskum 
100 1 |a Kubeš, Marián